| 000 | 00368cam a2200145ua 4500 | ||
|---|---|---|---|
| 041 |
_amal _h |
||
| 082 |
_a581 _bBOL/SA |
||
| 100 | _aBold, Harold.c . | ||
| 245 |
_aSasya Lokam / _cC.Harold Bold. _hTextual Documents |
||
| 260 |
_aThiruvananthapuram : _bState Instititute of Languages , _c1974. |
||
| 300 | _a171 ; . | ||
| 504 | _a | ||
| 942 | _cBK | ||
| 999 |
_c690 _d690 |
||